[Event "FICS rated lightning game"]
[Site "FICS freechess.org"]
[Date "2018.01.31"]
[Round "?"]
[White "Sasha"]
[Black "hanse"]
[Result "0-1"]
[WhiteElo "1535"]
[BlackElo "1771"]
[PlyCount "70"]
[EventDate "2018.??.??"]

1. e4 e5 2. Nf3 Nc6 3. c3 Nf6 4. d3 d5 5. exd5 Nxd5 6. Be2 Be7 7. O-O O-O 8. h3
Nf4 9. c4 Nxe2+ 10. Qxe2 f6 11. Nc3 Nd4 12. Nxd4 Qxd4 13. Be3 Qd8 14. Ne4 c6
15. Rad1 Be6 16. d4 exd4 17. Bxd4 Qc7 18. Be3 Rae8 19. b3 Bb4 20. Nc5 Bf5 21.
Qf3 Bc2 22. Bf4 Qa5 23. Nxb7 Qxa2 24. Rd7 Qxb3 25. Qxc6 Be4 26. Qb5 Rb8 27. Bd6
Rxb7 28. Rxb7 Bxb7 29. Qxb4 Qxb4 30. Bxb4 Rc8 31. c5 Ba6 32. Rc1 Rc6 33. Ba5
Bb5 34. Bb4 a6 35. f3 Kf7 0-1

[Event "FICS rated lightning game"]
[Site "FICS freechess.org"]
[Date "2018.01.31"]
[Round "?"]
[White "kungzeb"]
[Black "rossoscuro"]
[Result "1-0"]
[WhiteElo "1799"]
[BlackElo "1923"]
[PlyCount "69"]
[EventDate "2018.??.??"]

1. e4 e5 2. Nf3 Nc6 3. c3 Nf6 4. d4 d6 5. dxe5 dxe5 6. Qxd8+ Kxd8 7. Bg5 Bg4 8.
Bxf6+ gxf6 9. Nbd2 Kd7 10. O-O-O Rd8 11. Bb5 Kc8 12. Bxc6 bxc6 13. h3 Be6 14.
b3 Bh6 15. Kc2 f5 16. Nxe5 fxe4 17. Nxe4 Bf5 18. f3 f6 19. Nf7 Rxd1 20. Rxd1
Bxe4+ 21. fxe4 Rg8 22. Nxh6 Rxg2+ 23. Rd2 Rg1 24. Ng4 Rh1 25. Nxf6 Rxh3 26. e5
h5 27. Re2 h4 28. e6 Kd8 29. e7+ Kc8 30. e8=Q+ Kb7 31. Nd7 Ka6 32. Qc8+ Kb5 33.
Qxc7 Rg3 34. Re5+ Ka6 35. Nb8# {Black checkmated} 1-0

[Event "FICS rated blitz game"]
[Site "FICS freechess.org"]
[Date "2018.01.31"]
[Round "?"]
[White "bobbydaffy"]
[Black "laspac"]
[Result "1-0"]
[WhiteElo "1353"]
[BlackElo "1388"]
[PlyCount "71"]
[EventDate "2018.??.??"]
[EventType "blitz"]

1. e4 e5 2. Nf3 Nc6 3. c3 Bc5 4. d4 exd4 5. cxd4 Bb6 6. d5 Nce7 7. Nc3 d6 8.
Bg5 Bg4 9. Bb5+ c6 10. dxc6 bxc6 11. Bxc6+ Nxc6 12. Bxd8 Rxd8 13. O-O Nge7 14.
Qb3 Bxf3 15. gxf3 O-O 16. Kh1 Ng6 17. Nd5 Bd4 18. Qc4 Nge5 19. Qc2 Rfe8 20. f4
Ng4 21. Qxc6 Bxb2 22. Rab1 Bd4 23. f3 Nf2+ 24. Rxf2 Bxf2 25. Rb2 Bb6 26. Rg2
Kf8 27. Nxb6 axb6 28. Qxb6 Rd7 29. a4 Red8 30. a5 d5 31. exd5 Rxd5 32. a6 f6
33. a7 R5d7 34. Qb8 Ke7 35. a8=Q Rxb8 36. Qxb8 {Black resigns} 1-0

[Event "FICS rated standard game"]
[Site "FICS freechess.org"]
[Date "2018.01.31"]
[Round "?"]
[White "proximab"]
[Black "Nangali"]
[Result "1-0"]
[WhiteElo "2130"]
[BlackElo "1720"]
[PlyCount "57"]
[EventDate "2018.??.??"]

1. e4 e5 2. Nf3 Nc6 3. c3 Nf6 4. d4 d6 5. d5 Ne7 6. Bg5 Nxe4 7. Qa4+ Bd7 8.
Qxe4 f6 9. Be3 f5 10. Qc4 f4 11. Bd2 c6 12. dxc6 Bxc6 13. Be2 Qb6 14. Bc1 O-O-O
15. O-O h6 16. Nbd2 g5 17. Qe6+ Kb8 18. Nxe5 dxe5 19. Qxe5+ Ka8 20. Qxh8 Nf5
21. Qf6 Nh4 22. g3 f3 23. Bd1 Ng2 24. Bxf3 Bxf3 25. Qxf3 Nh4 26. gxh4 gxh4 27.
Qg4 Qf6 28. h3 Bd6 29. Ne4 1-0

[Event "FICS rated blitz game"]
[Site "FICS freechess.org"]
[Date "2018.01.31"]
[Round "?"]
[White "morts"]
[Black "Rdyrvik"]
[Result "0-1"]
[WhiteElo "1214"]
[BlackElo "1333"]
[PlyCount "114"]
[EventDate "2018.??.??"]
[EventType "blitz"]

1. e4 e5 2. Nf3 Nc6 3. c3 Nf6 4. d3 Be7 5. Nbd2 O-O 6. g3 d5 7. Bg2 dxe4 8.
dxe4 Bg4 9. O-O Bc5 10. Qb3 Bb6 11. Nc4 Bxf3 12. Bxf3 Qe7 13. Nd2 h6 14. Bg2
Ng4 15. c4 Qf6 16. h3 Nxf2 17. Kh2 Nd4 18. Qb4 Nc2 19. Qc3 Nxa1 20. Nb3 Nxb3
21. Qxb3 Qg6 22. Be3 Bxe3 23. Qxe3 Ng4+ 24. hxg4 Qxg4 25. Bh3 Qg6 26. Rf5 Rfd8
27. Rxe5 Rd1 28. Qb3 Rad8 29. Qxb7 Qd6 30. Rf5 Rd2+ 31. Bg2 a5 32. Rd5 Rxd5 33.
exd5 a4 34. a3 Qb6 35. d6 Qxb7 36. Bxb7 Rxd6 37. b4 axb3 38. Bd5 b2 39. Be4 Rd4
40. Bf5 Rxc4 41. Kh3 Ra4 42. Bb1 Rxa3 43. Kh4 c5 44. g4 c4 45. g5 hxg5+ 46.
Kxg5 Rg3+ 47. Kf4 Rg1 48. Be4 c3 49. Ke3 b1=Q 50. Bxb1 Rxb1 51. Kd3 Rc1 52. Ke2
g5 53. Kd3 g4 54. Ke2 g3 55. Kf3 Rf1+ 56. Kxg3 c2 57. Kg2 c1=Q {White resigns}
0-1

[Event "FICS rated blitz game"]
[Site "FICS freechess.org"]
[Date "2018.01.31"]
[Round "?"]
[White "Munaf"]
[Black "Fedorcaruso"]
[Result "1-0"]
[WhiteElo "1184"]
[BlackElo "1164"]
[PlyCount "21"]
[EventDate "2018.??.??"]
[EventType "blitz"]

1. e4 e5 2. Nf3 Nc6 3. c3 Nf6 4. d4 exd4 5. cxd4 Nxe4 6. Qe2 d5 7. Nc3 Bf5 8.
Qb5 Rb8 9. Nxd5 a6 10. Qc4 b5 11. Qxc6+ {Black resigns} 1-0

[Event "FICS rated blitz game"]
[Site "FICS freechess.org"]
[Date "2018.01.31"]
[Round "?"]
[White "awitaliy"]
[Black "Lostbishop"]
[Result "0-1"]
[WhiteElo "1363"]
[BlackElo "1387"]
[PlyCount "44"]
[EventDate "2018.??.??"]
[EventType "blitz"]

1. e4 e5 2. Nf3 Nc6 3. c3 Nf6 4. Bd3 Be7 5. Bc2 d6 6. h3 O-O 7. O-O Ne8 8. a3
g6 9. d4 Ng7 10. dxe5 dxe5 11. Qe2 Bd6 12. b4 Qe7 13. c4 Nd4 14. Qd3 c5 15.
Nxd4 cxd4 16. c5 Bc7 17. Bb3 Kh8 18. Nd2 f5 19. Re1 fxe4 20. Nxe4 Bf5 21. f4
exf4 22. Bxf4 Bxf4 {White resigns} 0-1

[Event "FICS rated blitz game"]
[Site "FICS freechess.org"]
[Date "2018.01.31"]
[Round "?"]
[White "ToreTang"]
[Black "derhans"]
[Result "1-0"]
[WhiteElo "1179"]
[BlackElo "1148"]
[PlyCount "39"]
[EventDate "2018.??.??"]
[EventType "blitz"]

1. e4 e5 2. Nf3 Nc6 3. c3 Nf6 4. d3 Be7 5. Nbd2 O-O 6. d4 exd4 7. cxd4 d6 8.
Bc4 Be6 9. d5 Bg4 10. dxc6 bxc6 11. h3 Bh5 12. Be2 Bg6 13. Bd3 d5 14. e5 Nh5
15. Bxg6 fxg6 16. O-O Bg5 17. e6 Bxd2 18. Bxd2 Qe7 19. Re1 Rf6 20. Bg5 {
Black resigns} 1-0

[Event "FICS rated lightning game"]
[Site "FICS freechess.org"]
[Date "2018.01.31"]
[Round "?"]
[White "slybaiserebecca"]
[Black "Invited"]
[Result "0-1"]
[WhiteElo "1908"]
[BlackElo "1821"]
[PlyCount "84"]
[EventDate "2018.??.??"]

1. e4 e5 2. Nf3 Nc6 3. c3 Bc5 4. d4 exd4 5. cxd4 Bb6 6. Nc3 d6 7. d5 Nce7 8.
Be3 Ng6 9. Bd3 Nf6 10. O-O Bg4 11. Be2 Bxf3 12. Bxf3 O-O 13. Bxb6 axb6 14. Qd3
Ne5 15. Qe2 Nxf3+ 16. Qxf3 Nd7 17. Qe3 Re8 18. f3 f5 19. Rfc1 fxe4 20. Nxe4 Nc5
21. Qd4 Nxe4 22. fxe4 Ra5 23. a3 Rc5 24. Rxc5 bxc5 25. Qd3 Qf6 26. Qc2 Qd4+ 27.
Kh1 Rxe4 28. Rf1 Qe5 29. Qf2 h6 30. Qf8+ Kh7 31. h3 Re1 32. Kg1 Rxf1+ 33. Qxf1
Qxd5 34. Qf3 Qxf3 35. gxf3 Kg6 36. Kf2 Kf5 37. Ke3 Ke5 38. h4 g5 39. h5 d5 40.
Kd3 b5 41. b3 c4+ 42. Kc3 c5 0-1

[Event "FICS rated blitz game"]
[Site "FICS freechess.org"]
[Date "2018.01.31"]
[Round "?"]
[White "denk"]
[Black "daIlAi"]
[Result "0-1"]
[WhiteElo "1382"]
[BlackElo "1381"]
[PlyCount "50"]
[EventDate "2018.??.??"]
[EventType "blitz"]

1. e4 e5 2. Nf3 Nc6 3. c3 Nf6 4. Bc4 Bc5 5. Qb3 O-O 6. Qc2 d5 7. exd5 Nxd5 8.
O-O h6 9. d4 exd4 10. cxd4 Bb6 11. Be3 Bg4 12. Nbd2 Re8 13. Bxd5 Qxd5 14. Rfe1
Rad8 15. Rad1 a6 16. h3 Bh5 17. g4 Bg6 18. Qb3 Qd7 19. Nc4 Ba7 20. Nce5 Nxe5
21. Nxe5 Qd6 22. Bf4 Bxd4 23. Rxd4 Qxd4 24. Be3 Qxe5 25. Bxh6 Qxe1+ {White
resigns} 0-1

[Event "FICS rated lightning game"]
[Site "FICS freechess.org"]
[Date "2018.01.31"]
[Round "?"]
[White "kungzeb"]
[Black "rossoscuro"]
[Result "1-0"]
[WhiteElo "1804"]
[BlackElo "1918"]
[PlyCount "71"]
[EventDate "2018.??.??"]

1. e4 e5 2. Nf3 Nc6 3. c3 d5 4. exd5 Qxd5 5. d4 e4 6. Nfd2 f5 7. Bc4 Qd8 8. Qb3
Nh6 9. Nf1 Qf6 10. Bxh6 gxh6 11. Ne3 b6 12. Nd5 Qg7 13. Nf4 Bb7 14. Ne6 Qd7 15.
Nxf8 Rxf8 16. Nd2 O-O-O 17. Be6 f4 18. Bxd7+ Rxd7 19. O-O-O e3 20. fxe3 fxe3
21. Nf3 Na5 22. Qe6 Rfd8 23. Qxe3 Nc4 24. Qe6 Nd6 25. Ne5 Kb8 26. Nxd7+ Ka8 27.
Rhf1 Bc8 28. Rf8 Kb7 29. Rxd8 Nc4 30. Nc5+ bxc5 31. Qxc8+ Kb6 32. b3 Ne3 33.
Re1 Nf5 34. Re6+ c6 35. Qxc6+ Ka5 36. Qa6# {Black checkmated} 1-0

[Event "FICS rated blitz game"]
[Site "FICS freechess.org"]
[Date "2018.01.31"]
[Round "?"]
[White "morts"]
[Black "nouch"]
[Result "1-0"]
[WhiteElo "1199"]
[BlackElo "1180"]
[PlyCount "85"]
[EventDate "2018.??.??"]
[EventType "blitz"]

1. e4 e5 2. Nf3 Nc6 3. c3 Nf6 4. d3 Be7 5. g3 d6 6. Bg2 Bg4 7. Nbd2 O-O 8. O-O
h6 9. Qb3 Rb8 10. h3 Bxf3 11. Nxf3 d5 12. Qa4 dxe4 13. dxe4 Nxe4 14. Qxe4 f5
15. Qc4+ Kh8 16. Be3 f4 17. gxf4 exf4 18. Bxf4 Rc8 19. Bg3 a6 20. Qb3 Qe8 21.
Qxb7 Bd6 22. Qxa6 Bxg3 23. fxg3 Ne5 24. Nxe5 Qxe5 25. Rae1 Qc5+ 26. Kh1 Rxf1+
27. Rxf1 Rd8 28. c4 Qg5 29. g4 Qd2 30. Qa3 Re8 31. Rf8+ Rxf8 32. Qxf8+ Kh7 33.
Qf5+ g6 34. Qe4 Qxb2 35. a4 Qb4 36. a5 Qxa5 37. Qe7+ Kh8 38. Qf6+ Kh7 39. Be4
Qe1+ 40. Kg2 Qxe4+ 41. Kg3 Qxc4 42. Qf7+ Kh8 43. Qxc4 {Black resigns} 1-0

[Event "FICS rated blitz game"]
[Site "FICS freechess.org"]
[Date "2018.01.31"]
[Round "?"]
[White "bakonyi"]
[Black "Solista"]
[Result "0-1"]
[WhiteElo "1977"]
[BlackElo "1894"]
[PlyCount "138"]
[EventDate "2018.??.??"]
[EventType "blitz"]

1. e4 e5 2. Nf3 Nc6 3. c3 Nf6 4. d4 Nxe4 5. d5 Nb8 6. Nxe5 Be7 7. Bd3 Nf6 8. c4
d6 9. Nf3 O-O 10. O-O Bg4 11. Nbd2 Nbd7 12. Qc2 h6 13. Bf5 Bxf3 14. Nxf3 c6 15.
dxc6 bxc6 16. h3 Rb8 17. Bf4 Qb6 18. b3 Rbd8 19. Rfe1 Rfe8 20. Rad1 Bf8 21.
Rxe8 Rxe8 22. Bxd6 Qa5 23. Bxf8 Nxf8 24. Qd2 Qxf5 25. Nd4 Qc5 26. Nc2 a5 27.
Ne3 Ne6 28. Qd6 Qxd6 29. Rxd6 c5 30. Ra6 Rd8 31. Rxa5 Rd1+ 32. Kh2 Rd2 33. Kg1
Ne4 34. f3 Nc3 35. Nd5 Nxd5 36. cxd5 Rxd5 37. Kf2 Rd2+ 38. Kg3 Rb2 39. f4 g6
40. Kf3 Kg7 41. g4 Kf6 42. Rb5 Rxa2 43. Ke4 Ra3 44. f5 gxf5+ 45. gxf5 Ng5+ 46.
Kd5 Kxf5 47. Kxc5 Kf4 48. Kb4 Ra1 49. Rb6 f5 50. Rxh6 Rh1 51. h4 Nf3 52. h5 Kg5
53. Rh8 Rxh5 54. Rg8+ Kf4 55. Rf8 Ne5 56. Kb5 Rh4 57. b4 Ke4 58. Kb6 f4 59. b5
f3 60. Kc7 Rh7+ 61. Kd6 Ng4 62. Re8+ Kd3 63. Rf8 f2 64. b6 Ke3 65. Kc6 Ke2 66.
b7 Rh6+ 67. Kb5 Rh5+ 68. Kb4 Rh7 69. b8=Q Re7 0-1

[Event "FICS rated blitz game"]
[Site "FICS freechess.org"]
[Date "2018.01.31"]
[Round "?"]
[White "bakonyi"]
[Black "Solista"]
[Result "1-0"]
[WhiteElo "2022"]
[BlackElo "1851"]
[PlyCount "123"]
[EventDate "2018.??.??"]
[EventType "blitz"]

1. e4 e5 2. Nf3 Nc6 3. c3 h6 4. d4 exd4 5. cxd4 d5 6. exd5 Qxd5 7. Nc3 Bb4 8.
Be2 Nf6 9. O-O Bxc3 10. bxc3 O-O 11. Re1 Re8 12. c4 Qd8 13. d5 Nb8 14. Bb2 Bf5
15. Nd4 Bg6 16. Qb3 b6 17. Bd3 Bxd3 18. Qxd3 Rxe1+ 19. Rxe1 Nbd7 20. Nc6 Qf8
21. Ba3 Nc5 22. Qe3 Re8 23. Ne7+ Kh8 24. Bxc5 bxc5 25. Qxc5 Nd7 26. Qe3 Rb8 27.
Qxa7 Rb2 28. h3 Qb8 29. Qxb8+ Rxb8 30. Nc6 Ra8 31. Re7 Nc5 32. Rxc7 Rxa2 33.
Nd8 Ra1+ 34. Kh2 Ne4 35. Rxf7 Kg8 36. Rf4 Nf6 37. Ne6 Rd1 38. Rd4 Rxd4 39. Nxd4
Kf7 40. Kg3 Ke7 41. Kf3 Kd6 42. Ke3 Kc5 43. Kd3 Nd7 44. Ne6+ Kd6 45. Nxg7 Ne5+
46. Kd4 Nf7 47. Nf5+ Kd7 48. Nxh6 Kc7 49. g4 Kd7 50. Nxf7 Ke7 51. f4 Kf6 52.
g5+ Kg7 53. f5 Kf8 54. c5 Kg7 55. c6 Kxf7 56. c7 Ke7 57. c8=Q Kd6 58. Qe6+ Kc7
59. Kc5 Kb7 60. Qf7+ Ka8 61. Kb6 Kb8 62. Qb7# {Black checkmated} 1-0

[Event "FICS rated blitz game"]
[Site "FICS freechess.org"]
[Date "2018.01.31"]
[Round "?"]
[White "bakonyi"]
[Black "Solista"]
[Result "0-1"]
[WhiteElo "2011"]
[BlackElo "1860"]
[PlyCount "106"]
[EventDate "2018.??.??"]
[EventType "blitz"]

1. e4 e5 2. Nf3 Nc6 3. c3 h6 4. d4 exd4 5. cxd4 Bb4+ 6. Nc3 d6 7. h3 Nge7 8.
Be2 O-O 9. O-O a6 10. a3 Ba5 11. b4 Bb6 12. Be3 Ng6 13. d5 Nce5 14. Bxb6 cxb6
15. Nd4 Qh4 16. Nf3 Qe7 17. Nxe5 Nxe5 18. f4 Ng6 19. Qd4 Qh4 20. Qe3 Bd7 21.
Bd3 Rac8 22. Ne2 Qe7 23. Qxb6 Bb5 24. Bxb5 axb5 25. Qe3 Rfe8 26. Ng3 Rc4 27.
Rae1 Rec8 28. e5 Rc3 29. Nf5 Qf8 30. Qe4 R3c4 31. Nd4 dxe5 32. fxe5 Qd8 33. Rd1
Qd7 34. e6 fxe6 35. Qxg6 exd5 36. Nf5 R4c6 37. Qg4 Kh8 38. Nh4 Qxg4 39. hxg4
R8c7 40. Nf5 Kh7 41. Rxd5 Kg6 42. Rfd1 Rf6 43. Nd4 Rcf7 44. Nxb5 h5 45. Rd6
hxg4 46. Rxf6+ gxf6 47. Nd6 Kg5 48. Ne4+ Kg6 49. Nd6 f5 50. Nxf7 Kxf7 51. g3
Kf6 52. Kf2 Kg5 53. Ke3 Kf6 0-1

[Event "FICS rated blitz game"]
[Site "FICS freechess.org"]
[Date "2018.01.31"]
[Round "?"]
[White "vavroch"]
[Black "jvlick"]
[Result "1-0"]
[WhiteElo "1619"]
[BlackElo "1644"]
[PlyCount "115"]
[EventDate "2018.??.??"]
[EventType "blitz"]

1. e4 e5 2. c3 Nc6 3. Nf3 d6 4. Bb5 Bd7 5. d4 a6 6. Ba4 b5 7. Bb3 exd4 8. cxd4
Bg4 9. Bd5 Qd7 10. Qd3 Bxf3 11. Qxf3 Nxd4 12. Qd3 Nc6 13. Qc2 Nb4 14. Qb3 Nxd5
15. Qxd5 Rc8 16. O-O c6 17. Qg5 Nf6 18. f3 h6 19. Qg3 Nh5 20. Qf2 Be7 21. Be3
O-O 22. Nc3 Nf6 23. Rad1 Qe6 24. a3 Rfd8 25. Qg3 d5 26. Bxh6 g6 27. Bg5 d4 28.
Ne2 d3 29. Nc3 Nh5 30. Qh4 Bxg5 31. Qxg5 Kg7 32. Rd2 f6 33. Qh4 Rh8 34. Qf2
Rcd8 35. Rfd1 Nf4 36. Qa7+ Rd7 37. Qe3 Qe5 38. Ne2 Nxe2+ 39. Rxe2 Qxh2+ 40. Kf2
Qh4+ 41. Kg1 Qh1+ 42. Kf2 Qxd1 43. Rd2 Qc1 44. Rxd3 Qxe3+ 45. Rxe3 Rd2+ 46. Re2
Rxe2+ 47. Kxe2 Kf7 48. Kf2 Ke6 49. Ke3 Ke5 50. Kf2 Kd4 51. Ke2 f5 52. Kf2 fxe4
53. fxe4 Kxe4 54. Kg3 Rh5 55. Kg4 Rg5+ 56. Kh3 Rf5 57. g3 g5 58. g4 1-0

[Event "FICS unrated blitz game"]
[Site "FICS freechess.org"]
[Date "2018.01.31"]
[Round "?"]
[White "ngin"]
[Black "nexnexnex"]
[Result "0-1"]
[WhiteElo "1054"]
[BlackElo "1158"]
[PlyCount "58"]
[EventDate "2018.??.??"]
[EventType "blitz"]

1. e4 e5 2. Nf3 Nc6 3. c3 a6 4. d4 exd4 5. Nxd4 Ne5 6. Qh5 Qe7 7. Bg5 Nf6 8.
Qh4 Ng6 9. Qg3 Qxe4+ 10. Be3 Bd6 11. Qf3 O-O 12. Qxe4 Nxe4 13. Bd3 f5 14. f3
Nc5 15. Bc4+ Kh8 16. O-O b5 17. Be2 Bb7 18. b4 Na4 19. Bd2 Rae8 20. Re1 c5 21.
bxc5 Bxc5 22. Kf1 Ne5 23. f4 Bxd4 24. cxd4 Nc6 25. Nc3 Nb2 26. d5 Nd4 27. Bh5
g6 28. Rxe8 Rxe8 29. Bd1 Nc4 0-1

[Event "FICS rated standard game"]
[Site "FICS freechess.org"]
[Date "2018.01.31"]
[Round "?"]
[White "mesli"]
[Black "malachifnord"]
[Result "1-0"]
[WhiteElo "1705"]
[BlackElo "1440"]
[PlyCount "53"]
[EventDate "2018.??.??"]

1. e4 e5 2. Nf3 Nc6 3. c3 Nf6 4. Qc2 d6 5. Bb5 Be7 6. d4 Bd7 7. Bxc6 Bxc6 8. d5
Bb5 9. c4 O-O 10. cxb5 Ng4 11. h3 Nf6 12. Be3 Re8 13. O-O Qd7 14. a4 c6 15.
bxc6 bxc6 16. dxc6 Qc7 17. Na3 d5 18. exd5 Nxd5 19. Nb5 Nxe3 20. fxe3 Qb6 21.
Rfe1 Bc5 22. Kh1 Bxe3 23. Rxe3 Qxe3 24. Re1 Qf4 25. Nc7 e4 26. Nxa8 exf3 27.
Rxe8# {Black checkmated} 1-0

[Event "FICS rated blitz game"]
[Site "FICS freechess.org"]
[Date "2018.01.31"]
[Round "?"]
[White "jetline"]
[Black "happyholligan"]
[Result "1-0"]
[WhiteElo "1501"]
[BlackElo "1673"]
[PlyCount "111"]
[EventDate "2018.??.??"]
[EventType "blitz"]

1. e4 e5 2. Nf3 Nc6 3. c3 Bc5 4. d4 exd4 5. cxd4 Bb6 6. Bc4 d6 7. O-O h6 8. Re1
Nge7 9. d5 Ne5 10. Qb3 O-O 11. Bf4 N5g6 12. Be3 Kh7 13. Nbd2 f5 14. Bd3 f4 15.
Bxb6 axb6 16. e5 dxe5 17. Bxg6+ Nxg6 18. Nxe5 Rf6 19. Ndf3 Ra5 20. d6 cxd6 21.
Nf7 Qd7 22. Qxb6 Ra6 23. Qb3 Rxf7 24. h3 Qf5 25. Rac1 Ne5 26. Nxe5 dxe5 27.
Rxe5 Qd7 28. Qc2+ Kg8 29. Qxc8+ Qxc8 30. Rxc8+ Rf8 31. Rxf8+ Kxf8 32. Rf5+ Rf6
33. Rxf6+ gxf6 34. f3 Ke7 35. Kf2 Kd6 36. Ke2 Kd5 37. Kd3 b5 38. b3 f5 39. a3
h5 40. b4 h4 41. Kc3 Ke5 42. Kd3 Kd5 43. Ke2 Kd4 44. Kf2 Kd3 45. Kf1 Ke3 46. a4
bxa4 47. b5 a3 48. b6 a2 49. Kg1 a1=Q+ 50. Kh2 Qb1 51. b7 Qxb7 52. g3 Qg7 53.
g4 fxg4 54. fxg4 f3 55. Kg1 f2+ 56. Kf1 1-0

[Event "FICS rated blitz game"]
[Site "FICS freechess.org"]
[Date "2018.01.31"]
[Round "?"]
[White "capricornus"]
[Black "Kjosavik"]
[Result "1-0"]
[WhiteElo "1292"]
[BlackElo "1539"]
[PlyCount "71"]
[EventDate "2018.??.??"]
[EventType "blitz"]

1. e4 e5 2. Nf3 Nc6 3. c3 d5 4. exd5 Qxd5 5. d3 Bg4 6. Be2 f6 7. O-O O-O-O 8.
b4 Bf5 9. b5 Nb8 10. c4 Qd6 11. Bb2 Bxd3 12. Nc3 Bxe2 13. Qxe2 Qd3 14. a4 Qxe2
15. Nxe2 Bb4 16. Ba3 Ba5 17. Rab1 Nh6 18. Bb4 Bxb4 19. Rxb4 Rd3 20. Ng3 Rhd8
21. Ne4 Rd1 22. g3 Rxf1+ 23. Kxf1 Nf5 24. c5 Nd4 25. Nxd4 exd4 26. Ke2 d3+ 27.
Kd2 a5 28. Rb3 c6 29. b6 Na6 30. Rxd3 Rxd3+ 31. Kxd3 Kd7 32. Kc4 Ke6 33. Nd6
Nb4 34. Nxb7 Nc2 35. Nd6 Ne1 36. b7 {Black resigns} 1-0

[Event "FICS rated blitz game"]
[Site "FICS freechess.org"]
[Date "2018.01.31"]
[Round "?"]
[White "seved"]
[Black "Gargoyles"]
[Result "0-1"]
[WhiteElo "1616"]
[BlackElo "1627"]
[PlyCount "72"]
[EventDate "2018.??.??"]
[EventType "blitz"]

1. e4 e5 2. Nf3 Nc6 3. c3 d5 4. Qa4 dxe4 5. Nxe5 Qd5 6. f4 Bd7 7. Bc4 Nxe5 8.
Bxd5 Nd3+ 9. Ke2 Bxa4 10. Bxb7 Rd8 11. Bxe4 Bb5 12. Kf3 Nf6 13. Bxd3 Rxd3+ 14.
Kf2 Bc5+ 15. Ke1 O-O 16. a4 Bc4 17. Na3 Re8+ 18. Kd1 Bb3+ 19. Nc2 Ng4 20. Rf1
Ne3+ 21. Ke2 Bxc2 22. dxe3 Bxe3 23. Bxe3 Rexe3+ 24. Kf2 Re6 25. Rfe1 Rd2+ 26.
Kg3 Rg6+ 27. Kh4 h6 28. Rg1 Rgxg2 29. Rxg2 Rxg2 30. Kh3 Rg6 31. Re1 Bf5+ 32.
Kh4 Rg2 33. h3 Kh7 34. Re5 g5+ 35. fxg5 hxg5+ 36. Kh5 Bg6# {White checkmated}
0-1

[Event "FICS rated blitz game"]
[Site "FICS freechess.org"]
[Date "2018.01.31"]
[Round "?"]
[White "Flyinghooves"]
[Black "Jacksparow"]
[Result "0-1"]
[WhiteElo "1142"]
[BlackElo "1141"]
[PlyCount "124"]
[EventDate "2018.??.??"]
[EventType "blitz"]

1. e4 e5 2. Nf3 Nc6 3. c3 Bc5 4. Bc4 h6 5. Qb3 Qf6 6. d4 exd4 7. cxd4 Nxd4 8.
Nxd4 Bxd4 9. Be3 Bxb2 10. O-O Bxa1 11. Nd2 Bc3 12. Re1 d6 13. e5 dxe5 14. Qxc3
Bd7 15. Ne4 Qf5 16. Ng3 Qf6 17. f4 O-O-O 18. fxe5 Qg6 19. Bd3 Qe6 20. Bf5 Qxa2
21. Bxd7+ Rxd7 22. e6 fxe6 23. Rf1 Nf6 24. Bd4 b6 25. Bxf6 gxf6 26. Qxf6 Rg8
27. Qxh6 Qc4 28. Rc1 Qd4+ 29. Kf1 Rf7+ 30. Ke1 Qf2+ 31. Kd1 Qxg2 32. Qxe6+ Kb7
33. Qxf7 Rd8+ 34. Ke1 Qd2+ 35. Kf1 Qxc1+ 36. Kf2 Qc5+ 37. Kg2 Rd2+ 38. Kh3 Qc6
39. Qf4 Rd7 40. Qf5 Qh6+ 41. Nh5 Rd6 42. Qe4+ Kb8 43. Qe8+ Kb7 44. Qe4+ Kc8 45.
Qa8+ Kd7 46. Qf3 Re6 47. Qf7+ Kd6 48. Kh4 a5 49. Qf5 c5 50. Qd3+ Ke7 51. Qg3
Kd7 52. Qd3+ Kc6 53. Qf3+ Kb5 54. Qb3+ Ka6 55. Qc4+ b5 56. Qxc5 Rc6 57. Qf2 a4
58. Kg4 Rc4+ 59. Kg3 Qg5+ 60. Kh3 Qxh5+ 61. Kg2 Qg5+ 62. Kh1 Rc1+ {White
resigns} 0-1

[Event "FICS rated blitz game"]
[Site "FICS freechess.org"]
[Date "2018.01.31"]
[Round "?"]
[White "Sccorpionn"]
[Black "JLDRUDRU"]
[Result "1-0"]
[WhiteElo "1100"]
[BlackElo "1153"]
[PlyCount "103"]
[EventDate "2018.??.??"]
[EventType "blitz"]

1. e4 e5 2. Nf3 Nc6 3. c3 d6 4. d4 Bg4 5. Be2 Qe7 6. Ng5 Bxe2 7. Qxe2 h6 8. d5
Nb8 9. Nf3 Nd7 10. Na3 Ngf6 11. Nb5 Qd8 12. Qc4 Nc5 13. b4 a6 14. bxc5 axb5 15.
Qxb5+ Qd7 16. Qxb7 Ra4 17. c6 Qd8 18. O-O Nxe4 19. Qb5 Ra8 20. Be3 Be7 21. c4
O-O 22. Nd2 Nxd2 23. Bxd2 Rb8 24. Qa5 Bf6 25. Rab1 e4 26. a4 Bd4 27. Rbd1 Bb6
28. Qc3 Bc5 29. Qg3 Kh7 30. Kh1 f5 31. f3 e3 32. Bc3 Rg8 33. Rfe1 Qf8 34. f4
Rb3 35. Ba5 e2 36. Qxb3 exd1=Q 37. Rxd1 Qd8 38. h3 Re8 39. Qg3 Re3 40. Qh2 Bb6
41. Bxb6 cxb6 42. Rb1 Qc7 43. Kg1 Re4 44. Kf2 Rxc4 45. h4 Rc2+ 46. Kg3 Rc3+ 47.
Kf2 Qe7 48. g3 Qe3+ 49. Kg2 Qe2+ 50. Kh3 Qg4+ 51. Kg2 Rc2+ 52. Kg1 1-0

[Event "FICS rated blitz game"]
[Site "FICS freechess.org"]
[Date "2018.01.31"]
[Round "?"]
[White "maximb"]
[Black "emptymate"]
[Result "1-0"]
[WhiteElo "1665"]
[BlackElo "1596"]
[PlyCount "113"]
[EventDate "2018.??.??"]
[EventType "blitz"]

1. e4 e5 2. Nf3 Nc6 3. c3 Bc5 4. d4 exd4 5. cxd4 Bb4+ 6. Bd2 d5 7. Bb5 Bxd2+ 8.
Nbxd2 dxe4 9. Nxe4 Nf6 10. Bxc6+ bxc6 11. Nxf6+ Qxf6 12. O-O O-O 13. Rc1 Bd7
14. Ne5 Rad8 15. Qa4 Qd6 16. Qxa7 Qxd4 17. Nxc6 Qxa7 18. Nxa7 c6 19. Nxc6 Rc8
20. Nd4 Rxc1 21. Rxc1 h6 22. f3 Rb8 23. b3 Ra8 24. a4 Rb8 25. Rc3 f5 26. Kf2 f4
27. h4 g5 28. hxg5 hxg5 29. Rc5 g4 30. fxg4 Kf7 31. g5 Bg4 32. Rc3 Rd8 33. Nf3
Rd1 34. Ne5+ Ke6 35. Nxg4 Kf5 36. Nh2 Kxg5 37. Nf3+ Kf5 38. b4 Kg4 39. b5 Ra1
40. Rc4 Rb1 41. Ne5+ Kf5 42. Nd3 Ra1 43. Rxf4+ Kg5 44. Kf3 Ra2 45. Rd4 Kf5 46.
g4+ Ke6 47. Rb4 Ra1 48. b6 Kd7 49. b7 Kd6 50. b8=Q+ Kd5 51. Qd8+ Ke6 52. Re4+
Kf7 53. Qd5+ Kg6 54. Qf5+ Kg7 55. Re7+ Kg8 56. Qg6+ Kh8 57. Qg7# {Black
checkmated} 1-0

[Event "FICS rated blitz game"]
[Site "FICS freechess.org"]
[Date "2018.01.31"]
[Round "?"]
[White "proximab"]
[Black "rapukalle"]
[Result "1-0"]
[WhiteElo "1998"]
[BlackElo "1575"]
[PlyCount "61"]
[EventDate "2018.??.??"]
[EventType "blitz"]

1. e4 e5 2. Nf3 Nc6 3. c3 d6 4. d4 Bg4 5. d5 Nce7 6. h3 Bh5 7. Be2 c6 8. dxc6
bxc6 9. O-O Qc7 10. Ng5 Bg6 11. Qa4 h6 12. Nf3 Nf6 13. Nbd2 Nd7 14. a3 Nc5 15.
Qb4 a5 16. Qc4 Nc8 17. Bd1 d5 18. exd5 Nb6 19. Qg4 cxd5 20. Be2 Bd6 21. Bb5+
Kf8 22. Nh4 Bh7 23. Nf5 Bg6 24. Nh4 Bc2 25. Ra2 Bb3 26. Nxb3 Nxb3 27. Nf5 Rg8
28. Be3 Bc5 29. Qd1 a4 30. Bxa4 Bxe3 31. Bxb3 1-0

[Event "FICS rated blitz game"]
[Site "FICS freechess.org"]
[Date "2018.01.31"]
[Round "?"]
[White "bobbydaffy"]
[Black "drpeker"]
[Result "1-0"]
[WhiteElo "1396"]
[BlackElo "1314"]
[PlyCount "107"]
[EventDate "2018.??.??"]
[EventType "blitz"]

1. e4 e5 2. Nf3 Nc6 3. c3 h6 4. d4 exd4 5. cxd4 a6 6. d5 Nb8 7. Nc3 Bb4 8. e5
Bxc3+ 9. bxc3 d6 10. e6 fxe6 11. dxe6 Bxe6 12. Nd4 Qf6 13. Be2 Ne7 14. O-O c5
15. Nxe6 Qxe6 16. Bh5+ g6 17. Re1 Qf6 18. Bg4 O-O 19. Qe2 Nf5 20. Bxf5 Qxf5 21.
Bxh6 Rf7 22. Qe8+ Kh7 23. Qe3 Nd7 24. Qh3 Qxh3 25. gxh3 Kxh6 26. Re6 Rf6 27.
Re7 Rd8 28. Rae1 b5 29. h4 Ne5 30. Rd1 Nf3+ 31. Kg2 Nxh4+ 32. Kh3 Nf3 33. Rd3
Ne5 34. Rxe5 dxe5 35. Rxd8 Rf3+ 36. Kg4 Rxc3 37. f3 Rc4+ 38. Kg3 Rc3 39. Re8
Re3 40. Kf2 Rc3 41. Rxe5 c4 42. Re2 a5 43. Ke1 b4 44. f4 b3 45. axb3 cxb3 46.
Kd1 a4 47. Rb2 a3 48. Rb1 b2 49. Kd2 Rf3 50. Kc2 Rf2+ 51. Kb3 Rf3+ 52. Ka2 Rxf4
53. h3 Rf3 54. h4 1-0